000
00350nam a2200145Ia 4500
008
230718s9999 xx 000 0 und d
041
_a
Eng.
082
_a
34302
_b
MUS-F
100
_a
Mussaing Meiza Munawar
245
0
_a
Federal taxes in Pouston
260
_a
Pakistan
_b
Jaspel brdines fully
_c
2004
300
_a
238
650
_a
Law
999
_c
28703
_d
28703